Phát triển thị trường chứng khoán phát sinh tại Đài Loan và bài học kinh nghiệm cho Việt Nam /

محفوظ في:
التفاصيل البيبلوغرافية
المؤلف الرئيسي: Phùng Nam Thái.
التنسيق: مقال
اللغة:Vietnamese
الموضوعات:
الوسوم: إضافة وسم
لا توجد وسوم, كن أول من يضع وسما على هذه التسجيلة!
Thư viện lưu trữ: Thư viện Trường Đại học Đà Lạt
LEADER 00801nam a2200253 4500
001 DLU180185404
005 ##20180604
040 # # |a DLU  |b vie 
041 # # |a vie 
044 # # |a vn 
100 # # |a Phùng Nam Thái. 
245 # # |a Phát triển thị trường chứng khoán phát sinh tại Đài Loan và bài học kinh nghiệm cho Việt Nam /  |c Phùng Nam Thái. 
653 # # |a Đài Loan 
653 # # |a Chứng khoán phát sinh  
653 # # |a Việt Nam  
773 # # |t Nghiên cứu Trung Quốc  |g Số 8(180), 2016, tr. 61-70 
920 # # |a Phòng Tạp chí -- Trung tâm Thông tin - Thư viện Trường Đại học Đà Lạt 
900 # # |a True 
911 # # |a Nguyễn Thị Thu Phương 
925 # # |a G 
926 # # |a A 
927 # # |a BB 
980 # # |a Thư viện Trường Đại học Đà Lạt